Postoje manažérov a zamestnancov v role subjektu a objektu kontrolovania habilitačná prednáška

Salvato in:
Dettagli Bibliografici
Autore principale: Mišún, Juraj, 1978-
Ente Autore: Fakulta podnikového manažmentu EU. Katedra manažmentu
Natura: Libro
Lingua:slovacco
Pubblicazione: Bratislava Fakulta podnikového manažmentu EU 2015
Edizione:1. vyd.
Serie:Habilitačné a inauguračné prednášky
Soggetti:
Tags: Aggiungi Tag
Nessun Tag, puoi essere il primo ad aggiungerne!!

MARC

LEADER 00000nam$a2200000$$$4500
001 0222714
005 20240318125747.0
041 0 |a slo 
044 |a SK 
245 1 0 |a Postoje manažérov a zamestnancov v role subjektu a objektu kontrolovania  |b habilitačná prednáška  |c Juraj Mišún 
250 |a 1. vyd. 
264 1 |a Bratislava  |b Fakulta podnikového manažmentu EU  |c 2015 
300 |a 38 s. 
490 1 |a Habilitačné a inauguračné prednášky 
830 0 |a Habilitačné a inauguračné prednášky 
610 2 0 |a manažéri 
610 2 0 |a manažment 
610 2 0 |a zamestnanci 
610 2 0 |a kontrola 
100 1 |a Mišún, Juraj, 1978- 
710 2 |a Fakulta podnikového manažmentu EU. Katedra manažmentu